| Tag |
First Indicator |
Second Indicator |
Subfields |
| LEADER |
00000ctm a2200000Ka 4500 |
| 001 |
in00001771027 |
| 005 |
20220103134757.0 |
| 007 |
cr unu a |
| 008 |
030709s2002 xx a b 000 0 eng d |
| 035 |
|
|
|a (OCoLC)ocm52579204
|
| 040 |
|
|
|a TXA
|c TXA
|d UtOrBLW
|
| 049 |
|
|
|a TXAM
|a TXAR
|
| 099 |
|
|
|a 2002
|a Thesis
|a E42
|
| 100 |
1 |
|
|a Ellison, Barbara Lynn.
|
| 245 |
1 |
0 |
|a Costume construction for digital characters /
|c by Barbara Lynn Ellison.
|
| 264 |
|
1 |
|a [Place of publication not identified] :
|b [publisher not identified] ;
|c 2002.
|
| 300 |
|
|
|a viii, 92 leaves :
|b illustrations ;
|c 28 cm.
|
| 336 |
|
|
|a text
|b txt
|2 rdacontent
|
| 337 |
|
|
|a computer
|b c
|2 rdamedia
|
| 338 |
|
|
|a online resource
|b cr
|2 rdacarrier
|
| 500 |
|
|
|a "Major subject: Visualization Sciences."
|
| 500 |
|
|
|a Vita.
|
| 502 |
|
|
|b M.S.
|c Texas A&M University
|d 2002
|
| 504 |
|
|
|a Includes bibliographical references (leaves 89-91).
|
| 520 |
|
|
|a This paper attempts to gauge how effectively two top-of-the-line cloth simulation programs - MIRALab's MIRA Cloth and Alias/Wavefront's Maya Cloth - could be used by an artist trained in theatrical costume construction to create a digital costume. This question is relevant for the computer graphics industry because as digital characters continue to increase in complexity and realism, so too must the costumes they wear. As digital characters' costumes become more and more realistic, the industry will need to hire artists who have experience in building real-world costumes and can make use of that experience to build convincing virtual garments. Once hired, these costumers will need to be able to work effectively with cloth simulation programs. This thesis documents how one would go through each step of the theatrical costume construction process in both MIRA Cloth and Maya Cloth, lists changes to the interfaces and capabilities of each program that would make the process easier, and then suggests ways to implement those changes for each stage of costume construction.
|
| 530 |
|
|
|a Also available online.
|
| 530 |
|
|
|a Issued also on microfiche from Lange Micrographics.
|
| 650 |
|
4 |
|a Major visualization sciences.
|
| 856 |
4 |
1 |
|u https://hdl.handle.net/1969.1/ETD-TAMU-2002-THESIS-E42
|z Link to OAKTrust copy
|t 0
|
| 948 |
|
|
|a cataloged
|b h
|c 2003/7/9
|d c
|e eneff
|f 3:17:29 pm
|
| 994 |
|
|
|a E0
|b TXA
|
| 999 |
|
|
|a MARS
|
| 999 |
f |
f |
|s 39da716d-ee75-3293-82fd-f62e4887b200
|i 107092ac-f23b-3cb4-9792-98f2048e65b1
|t 0
|
| 952 |
f |
f |
|p noncirc
|a Texas A&M University
|b College Station
|c Cushing Memorial Library & Archives
|s cush tdrm
|d Cushing: Theses & Dissertations Microforms (Does not check out)
|t 0
|e 2002 Thesis E42
|h Other scheme
|i computer -- online resource
|
| 952 |
f |
f |
|a Texas A&M University
|b College Station
|c Electronic Resources
|s www_evans
|d Available Online
|t 0
|e 2002 Thesis E42
|h Other scheme
|
| 998 |
f |
f |
|a 2002 Thesis E42
|t 0
|l Cushing: Theses & Dissertations Microforms (Does not check out)
|
| 998 |
f |
f |
|a 2002 Thesis E42
|t 0
|l Available Online
|